Central Library OPAC University of Rajshahi

Paternalism in the Japanese economy : (Record no. 2565)

MARC details
000 -LEADER
fixed length control field 00947nam a2200265I 4500
001 - CONTROL NUMBER
control field 2565
003 - CONTROL NUMBER IDENTIFIER
rucl marc code BD-RjUL
005 - DATE AND TIME OF LATEST TRANSACTION
control field 20211208233600.0
008 - FIXED-LENGTH DATA ELEMENTS--GENERAL INFORMATION
fixed length control field 131212s1963ja 1 eng d
035 ## - SYSTEM CONTROL NUMBER
System control number (BD-RjUL)2592
040 ## - CATALOGING SOURCE
Transcribing agency CWR
Modifying agency m.c.
-- BOS
Original cataloging agency BD-RjUL
Language of cataloging eng
041 ## - LANGUAGE CODE
Language code of text/sound track or separate title eng
082 ## - DEWEY DECIMAL CLASSIFICATION NUMBER
Edition number 20
Classification number 345.20418
Author mark and year BEP
090 ## - LOCALLY ASSIGNED LC-TYPE CALL NUMBER (OCLC); LOCAL CALL NUMBER (OCLC)
Classification number (OCLC) (R) ; Classification number, CALL (RLIN) (NR) HD8726.5
Local cutter number (OCLC) ; Book number/undivided call number, CALL (RLIN) F63
100 1# - MAIN ENTRY--PERSONAL NAME
Personal name Bennett, John William,
Dates associated with a name 1915-
9 (RLIN) 8284
245 10 - TITLE STATEMENT
Title Paternalism in the Japanese economy :
Remainder of title anthropological studies of oyabun-kobun patterns /
Statement of responsibility, etc. John W. Bennett and Iwao Ishino.
260 ## - PUBLICATION, DISTRIBUTION, ETC. (IMPRINT)
Place of publication, distribution, etc. Minneapolis :
Name of publisher, distributor, etc. University of Minnesota Press,
Date of publication, distribution, etc. c1963.
300 ## - PHYSICAL DESCRIPTION
Pagination x, 307 p. ;
Size 24 cm.
500 ## - GENERAL NOTE
General note "Based on the work of the Public Opinion and Sociological Research Division of the Japan occupation."
504 ## - BIBLIOGRAPHY, ETC. NOTE
Bibliography, etc Bibliography: p.296-299.
650 #0 - SUBJECT ADDED ENTRY--TOPICAL TERM
Topical term or geographic name as entry element Industrial relations
Geographic subdivision Japan.
9 (RLIN) 7671
700 1# - ADDED ENTRY--PERSONAL NAME
Personal name Ishino, Iwao,
Dates associated with a name 1921-
Relator term joint author.
942 ## - ADDED ENTRY ELEMENTS (KOHA)
Source of classification or shelving scheme Dewey Decimal Classification
Koha item type Books
Holdings
Lost status Source of classification or shelving scheme Damaged status Not for loan Collection code Permanent Location Current Location Shelving location Date acquired Source of acquisition Cost, normal purchase price Total Checkouts Full call number Date last seen Copy number Koha item type
  Dewey Decimal Classification     Non-fiction Central Library, University of Rajshahi Central Library, University of Rajshahi   05/06/1970 Zeitlinger 61.60   345.20418 BEP 1963 12/12/2013 C-2 Books
  Dewey Decimal Classification     Non-fiction Central Library, University of Rajshahi Central Library, University of Rajshahi   05/06/1970 Zeitlinger 61.60   345.20418 BEP 1963 12/12/2013 C-3 Books
  Dewey Decimal Classification   Not For Loan Non-fiction Central Library, University of Rajshahi Central Library, University of Rajshahi Reading Room 07/06/1965 Zeitlinger 6.50   345.20418 BEP 1963 12/12/2013 C-1 Books